000
00211nam a2200109Ia 4500
100
_a
#N/A
942
_c
BK
654
_a
JAVA 6
245
_a
JAVA 6 andJ2EE 1.5 ; BLACK BOOK
260
_b
#N/A
546
_a
ENGLISH
999
_c
27170
_d
27170